| 000 | 01326cam a2200277 i 4500 | ||
|---|---|---|---|
| 003 | SA-RiAUC | ||
| 005 | 20250115075736.0 | ||
| 008 | 250114s2009____su g 000 0 ara c | ||
| 020 | _a9786039003687 | ||
| 024 | 0 | _a00000000275142 | |
| 040 |
_aSA-RiIMS _bara _cSA-RiAUC _dKAC _erda |
||
| 082 | 0 | 4 |
_a253.902 _qSA-RiAUC |
| 090 |
_a253.902 _bم ي م |
||
| 100 | 1 |
_aالميمان، ناصر بن عبد الله بن عبد العزيز، _d1385 هجري- _eمؤلف. |
|
| 245 | 1 | 2 |
_aالنوازل الوقفية / _cتأليف أ. د. ناصر بن عبد الله بن عبد العزيز الميمان. |
| 250 | _aالطبعة الأولى. | ||
| 264 | 1 |
_aالدمام، السعودية : _bدار ابن الجوزي، _c[2009] |
|
| 300 |
_a206 صفحة ؛ _c24 × 17 سم |
||
| 336 |
_aنص _btxt _2rdacontent _3كتاب |
||
| 337 |
_aبدون وسيط _bn _2rdamedia |
||
| 338 |
_aمجلد _bnc _2rdacarrier |
||
| 505 | 0 | _aالمحتويات : مجلد 1. وقف النقود والأوراق المالية، وأحكامه في الشريعة الإسلامية-مجلد 2. مخالفات شرط الواقف-المشكلات والحلول-مجلد 3. ديون الوقف وأحكامها. | |
| 650 | 7 |
_aالوقف (فقه إسلامي) _2aucsh |
|
| 942 |
_2ddc _cBOOK _n0 |
||
| 949 |
_aSA-JeALM _d250114 _uosman123 _n1 |
||
| 999 |
_c4814 _d4814 |
||